[Event "Toronto Spring 03"]
[Site "Toronto CAN"]
[Date "2008.03.14"]
[Round "1"]
[White "Semyonov, Vladimir"]
[Black "Hambleton, Aman"]
[Result "1/2-1/2"]
[WhiteElo "2160"]
[BlackElo "1852"]
[PlyCount "63"]
[GameId "2160767910413122"]
[EventDate "2008.03.14"]
[EventType "tourn"]
[EventRounds "7"]
[EventCountry "CAN"]
[SourceTitle "EXT 2011"]
[Source "ChessBase"]
[SourceDate "2011.11.26"]
[SourceVersion "1"]
[SourceVersionDate "2011.11.26"]
[SourceQuality "1"]

1. e4 e6 2. d4 d5 3. exd5 exd5 4. Nf3 Bd6 5. c4 c6 6. Nc3 Nf6 7. c5 Bc7 8. Bd3 O-O 9. O-O Bg4 10. Bg5 Nbd7 11. b4 Re8 12. Bh4 Qb8 13. Bg3 Ne4 14. Qc2 Bxf3 15. gxf3 Nxc3 16. Qxc3 Bf4 17. Rfe1 Qc7 18. Rxe8+ Rxe8 19. Re1 Rxe1+ 20. Qxe1 Nf6 21. a4 g6 22. Kg2 Nh5 23. Qe8+ Kg7 24. b5 Nxg3 25. hxg3 Bg5 26. Qa8 Bf6 27. Qxa7 cxb5 28. axb5 Bxd4 29. Qa4 Qxc5 30. Qc2 b6 31. f4 h5 32. Qe2 1/2-1/2

[Event "Toronto Spring 03"]
[Site "Toronto CAN"]
[Date "2008.03.14"]
[Round "1"]
[White "Zhou, Haonan"]
[Black "Martchenko, Alexander"]
[Result "1-0"]
[WhiteElo "2088"]
[BlackElo "2080"]
[PlyCount "77"]
[GameId "2160767910413123"]
[EventDate "2008.03.14"]
[EventType "tourn"]
[EventRounds "7"]
[EventCountry "CAN"]
[SourceTitle "EXT 2011"]
[Source "ChessBase"]
[SourceDate "2011.11.26"]
[SourceVersion "1"]
[SourceVersionDate "2011.11.26"]
[SourceQuality "1"]

1. d4 d5 2. c4 e5 3. dxe5 d4 4. Nf3 Nc6 5. g3 Nge7 6. Bg2 Ng6 7. Nbd2 Ngxe5 8. O-O Be7 9. b3 O-O 10. Bb2 Nxf3+ 11. Nxf3 Bf6 12. Qd2 Qd6 13. e3 Rd8 14. Nxd4 Nxd4 15. exd4 Bxd4 16. Bxd4 Qxd4 17. Qxd4 Rxd4 18. Rfd1 Rxd1+ 19. Rxd1 Be6 20. Bxb7 Rb8 21. Bc6 Kf8 22. f4 Ke7 23. Kf2 h5 24. Bd5 Rd8 25. Re1 Kf6 26. Re5 Bg4 27. Ke3 g6 28. Bf3 Bc8 29. b4 Rd6 30. a4 Ra6 31. a5 Rd6 32. b5 Bf5 33. Be4 Bxe4 34. Kxe4 Rd2 35. h4 Ra2 36. a6 Rd2 37. Rc5 Rd7 38. Rd5 Re7+ 39. Kd4 1-0

[Event "Toronto Spring 03"]
[Site "Toronto CAN"]
[Date "2008.03.28"]
[Round "2"]
[White "Hambleton, Aman"]
[Black "Haziprodromu, Sam"]
[Result "1-0"]
[WhiteElo "1852"]
[BlackElo "1962"]
[PlyCount "47"]
[GameId "2160767910413124"]
[EventDate "2008.03.14"]
[EventType "tourn"]
[EventRounds "7"]
[EventCountry "CAN"]
[SourceTitle "EXT 2011"]
[Source "ChessBase"]
[SourceDate "2011.11.26"]
[SourceVersion "1"]
[SourceVersionDate "2011.11.26"]
[SourceQuality "1"]

1. d4 Nf6 2. c4 c5 3. d5 b5 4. cxb5 a6 5. bxa6 g6 6. Nc3 Bg7 7. e4 d6 8. Nf3 O-O 9. Be2 Qa5 10. O-O Bxa6 11. Re1 Nbd7 12. Qc2 Rfb8 13. Bd2 Bxe2 14. Rxe2 Qa6 15. h3 Qc4 16. Ree1 Ne8 17. b3 Qa6 18. Rab1 Nc7 19. a4 c4 20. b4 Bxc3 21. Qxc3 Qxa4 22. Qxc4 Na6 23. Ra1 Nb6 24. Qe2 1-0

[Event "Toronto Spring 03"]
[Site "Toronto CAN"]
[Date "2008.03.28"]
[Round "2"]
[White "Martchenko, Alexander"]
[Black "Semyonov, Vladimir"]
[Result "1-0"]
[WhiteElo "2080"]
[BlackElo "2160"]
[PlyCount "53"]
[GameId "2160767910413125"]
[EventDate "2008.03.14"]
[EventType "tourn"]
[EventRounds "7"]
[EventCountry "CAN"]
[SourceTitle "EXT 2011"]
[Source "ChessBase"]
[SourceDate "2011.11.26"]
[SourceVersion "1"]
[SourceVersionDate "2011.11.26"]
[SourceQuality "1"]

1. e4 c5 2. Nf3 e6 3. d4 cxd4 4. Nxd4 Nc6 5. Nc3 Qc7 6. g3 a6 7. Bg2 Nf6 8. O-O Be7 9. Be3 O-O 10. Nb3 d6 11. f4 Bd7 12. g4 h6 13. h4 Nh7 14. g5 g6 15. Qe2 b5 16. a3 Rfe8 17. Rad1 hxg5 18. hxg5 Rac8 19. Qf2 Bf8 20. Qh4 Bg7 21. Rf3 b4 22. Rh3 Nf8 23. f5 gxf5 24. exf5 bxc3 25. f6 Ne5 26. fxg7 Neg6 27. Qh8+ 1-0

[Event "Toronto Spring 03"]
[Site "Toronto CAN"]
[Date "2008.03.14"]
[Round "3"]
[White "Gusev, Nikita"]
[Black "Haziprodromu, Sam"]
[Result "1-0"]
[WhiteElo "1968"]
[BlackElo "1962"]
[PlyCount "75"]
[GameId "2160767910413126"]
[EventDate "2008.03.14"]
[EventType "tourn"]
[EventRounds "7"]
[EventCountry "CAN"]
[SourceTitle "EXT 2011"]
[Source "ChessBase"]
[SourceDate "2011.11.26"]
[SourceVersion "1"]
[SourceVersionDate "2011.11.26"]
[SourceQuality "1"]

1. e4 e5 2. Nf3 Nc6 3. Bb5 a6 4. Ba4 Nf6 5. O-O b5 6. Bb3 Bb7 7. Re1 Bc5 8. c3 d6 9. d4 Bb6 10. a4 O-O 11. Bg5 h6 12. Bh4 g5 13. Bg3 Re8 14. Qc1 Nh5 15. dxe5 Nxe5 16. Nxe5 dxe5 17. axb5 axb5 18. Rxa8 Bxa8 19. Na3 Kg7 20. Nxb5 Nxg3 21. hxg3 Qd3 22. Qd1 Qxg3 23. Qf3 Qxf3 24. gxf3 Rd8 25. Rd1 Rxd1+ 26. Bxd1 f5 27. Bc2 Kf6 28. b4 h5 29. c4 Bc6 30. Nc3 f4 31. c5 Ba7 32. b5 Ba8 33. c6 Kg6 34. Bb3 Kf6 35. Bg8 Kg6 36. Be6 Kf6 37. Bc8 Bxc6 38. bxc6 1-0

[Event "Toronto Spring 03"]
[Site "Toronto CAN"]
[Date "2008.03.14"]
[Round "3"]
[White "Hambleton, Aman"]
[Black "Zhou, Haonan"]
[Result "1/2-1/2"]
[WhiteElo "1852"]
[BlackElo "2088"]
[PlyCount "66"]
[GameId "2160767910413127"]
[EventDate "2008.03.14"]
[EventType "tourn"]
[EventRounds "7"]
[EventCountry "CAN"]
[SourceTitle "EXT 2011"]
[Source "ChessBase"]
[SourceDate "2011.11.26"]
[SourceVersion "1"]
[SourceVersionDate "2011.11.26"]
[SourceQuality "1"]

1. d4 d5 2. c4 c6 3. Nc3 Nf6 4. Nf3 dxc4 5. a4 Bf5 6. e3 e6 7. Bxc4 Bb4 8. O-O Nbd7 9. Qe2 Bg6 10. Rd1 O-O 11. Ne1 Nb6 12. Bb3 Nbd5 13. Bd2 Be7 14. Nd3 a5 15. Ne5 Bh5 16. f3 Qb6 17. Bc4 Rad8 18. Be1 c5 19. Bf2 cxd4 20. exd4 Bb4 21. Nb5 Rde8 22. g4 Bg6 23. g5 Nf4 24. Qf1 N6h5 25. Nd7 Qd8 26. Nxf8 Qxg5+ 27. Kh1 Bxf8 28. b3 Bf5 29. Qg1 Qf6 30. Ra2 Nh3 31. Qg2 N5f4 32. Qf1 Nxf2+ 33. Qxf2 g6 1/2-1/2

[Event "Toronto Spring 03"]
[Site "Toronto CAN"]
[Date "2008.03.14"]
[Round "3"]
[White "Martchenko, Alexander"]
[Black "Benson, Christopher"]
[Result "1-0"]
[WhiteElo "2080"]
[BlackElo "1927"]
[PlyCount "48"]
[GameId "2160767910413128"]
[EventDate "2008.03.14"]
[EventType "tourn"]
[EventRounds "7"]
[EventCountry "CAN"]
[SourceTitle "EXT 2011"]
[Source "ChessBase"]
[SourceDate "2011.11.26"]
[SourceVersion "1"]
[SourceVersionDate "2011.11.26"]
[SourceQuality "1"]

1. e4 e6 2. d4 d5 3. Nc3 Nf6 4. Bg5 Be7 5. e5 Nfd7 6. Bxe7 Qxe7 7. f4 O-O 8. Nf3 c5 9. Qd2 Nc6 10. O-O-O a6 11. h4 b5 12. h5 b4 13. Ne2 a5 14. g4 a4 15. Kb1 f6 16. h6 g6 17. f5 fxe5 18. Nh4 exf5 19. gxf5 gxf5 20. dxc5 Nf6 21. Rg1+ Kh8 22. Bh3 Be6 23. Nxf5 Qxc5 24. Qg5 Bxf5 1-0

[Event "Toronto Spring 03"]
[Site "Toronto CAN"]
[Date "2008.04.11"]
[Round "4"]
[White "Benson, Christopher"]
[Black "Haziprodromu, Sam"]
[Result "0-1"]
[WhiteElo "1927"]
[BlackElo "1962"]
[PlyCount "100"]
[GameId "2160767910413129"]
[EventDate "2008.03.14"]
[EventType "tourn"]
[EventRounds "7"]
[EventCountry "CAN"]
[SourceTitle "EXT 2011"]
[Source "ChessBase"]
[SourceDate "2011.11.26"]
[SourceVersion "1"]
[SourceVersionDate "2011.11.26"]
[SourceQuality "1"]

1. e4 e5 2. Nf3 Nc6 3. Bb5 a6 4. Ba4 Nf6 5. O-O b5 6. Bb3 Bb7 7. d3 h6 8. a4 Bc5 9. Nc3 b4 10. Nd5 d6 11. a5 O-O 12. c3 bxc3 13. bxc3 Rb8 14. Bc4 Nxd5 15. Bxd5 Ne7 16. Ba2 Ba7 17. Re1 Ng6 18. d4 Qf6 19. Be3 c5 20. Bb1 Rbd8 21. d5 Bc8 22. Nd2 Qe7 23. Nf1 f5 24. exf5 Bxf5 25. Bxf5 Rxf5 26. Ng3 Rf7 27. Qd3 Nf4 28. Bxf4 Rxf4 29. Qxa6 Rdf8 30. Ne4 c4 31. Ra2 Qf7 32. Ree2 Rxe4 33. Rxe4 Bxf2+ 34. Kh1 Bc5 35. h4 Qf1+ 36. Kh2 Bg1+ 37. Kh3 Qf5+ 38. Rg4 h5 39. Qxc4 hxg4+ 40. Qxg4 Qxg4+ 41. Kxg4 Rf4+ 42. Kh5 Rc4 43. a6 Rxc3 44. a7 Bxa7 45. Rxa7 Rg3 46. Rd7 Kh7 47. Rf7 e4 48. Re7 e3 49. Rf7 e2 50. Rf6 g6+ 0-1

[Event "Toronto Spring 03"]
[Site "Toronto CAN"]
[Date "2008.04.11"]
[Round "4"]
[White "Martchenko, Alexander"]
[Black "Hambleton, Aman"]
[Result "1-0"]
[WhiteElo "2080"]
[BlackElo "1852"]
[PlyCount "59"]
[GameId "2160767910413130"]
[EventDate "2008.03.14"]
[EventType "tourn"]
[EventRounds "7"]
[EventCountry "CAN"]
[SourceTitle "EXT 2011"]
[Source "ChessBase"]
[SourceDate "2011.11.26"]
[SourceVersion "1"]
[SourceVersionDate "2011.11.26"]
[SourceQuality "1"]

1. e4 e6 2. d4 d5 3. Nc3 Bb4 4. e5 c5 5. a3 Bxc3+ 6. bxc3 Ne7 7. h4 Qa5 8. Bd2 Qa4 9. h5 h6 10. Nf3 Nbc6 11. Rh4 cxd4 12. cxd4 b6 13. Rg4 Nf5 14. Bd3 Nce7 15. Qe2 Bd7 16. Bb4 Rc8 17. Ra2 Rg8 18. Nd2 a6 19. Nb1 a5 20. Bxe7 Nxe7 21. Rb2 Rb8 22. Qf3 Nf5 23. Rf4 g5 24. hxg6 fxg6 25. g4 g5 26. Rxf5 exf5 27. Qxd5 Rf8 28. gxf5 Rd8 29. f6 Bf5 30. Bb5+ 1-0

[Event "Toronto Spring 03"]
[Site "Toronto CAN"]
[Date "2008.04.11"]
[Round "4"]
[White "Semyonov, Vladimir"]
[Black "Gusev, Nikita"]
[Result "0-1"]
[WhiteElo "2160"]
[BlackElo "1968"]
[PlyCount "58"]
[GameId "2160767910413131"]
[EventDate "2008.03.14"]
[EventType "tourn"]
[EventRounds "7"]
[EventCountry "CAN"]
[SourceTitle "EXT 2011"]
[Source "ChessBase"]
[SourceDate "2011.11.26"]
[SourceVersion "1"]
[SourceVersionDate "2011.11.26"]
[SourceQuality "1"]

1. c4 e6 2. Nf3 d5 3. b3 Nf6 4. Bb2 Be7 5. g3 O-O 6. Bg2 Nbd7 7. O-O a5 8. Nc3 c6 9. d4 b6 10. Ne5 Nxe5 11. dxe5 Nd7 12. cxd5 cxd5 13. Nb5 Ba6 14. a4 Bxb5 15. axb5 Nc5 16. Ba3 Qd7 17. Bxc5 bxc5 18. Qd3 Rfb8 19. e4 d4 20. Rfb1 Qxb5 21. Bf1 Qxd3 22. Bxd3 Rb4 23. Kf1 a4 24. Rxa4 Raxa4 25. bxa4 Rxa4 26. Rc1 Ra2 27. h4 Rd2 28. Bb1 c4 29. Ke1 Rb2 0-1

[Event "Toronto Spring 03"]
[Site "Toronto CAN"]
[Date "2008.04.18"]
[Round "5"]
[White "Fiedler, Brian"]
[Black "Martchenko, Alexander"]
[Result "1/2-1/2"]
[WhiteElo "2187"]
[BlackElo "2080"]
[PlyCount "37"]
[GameId "2160767910413132"]
[EventDate "2008.03.14"]
[EventType "tourn"]
[EventRounds "7"]
[EventCountry "CAN"]
[SourceTitle "EXT 2011"]
[Source "ChessBase"]
[SourceDate "2011.11.26"]
[SourceVersion "1"]
[SourceVersionDate "2011.11.26"]
[SourceQuality "1"]

1. d4 d5 2. Nf3 Nf6 3. c4 e6 4. Nc3 c6 5. e3 Bd6 6. Qc2 Nbd7 7. b3 b6 8. Bb2 a5 9. Be2 O-O 10. O-O Ba6 11. e4 Bb8 12. Rfe1 Bb7 13. e5 Nh5 14. cxd5 exd5 15. Bc1 g6 16. Bh6 Re8 17. Ng5 Ng7 18. Bg4 Nf8 19. f4 1/2-1/2

[Event "Toronto Spring 03"]
[Site "Toronto CAN"]
[Date "2008.04.18"]
[Round "5"]
[White "Gusev, Nikita"]
[Black "Zhou, Haonan"]
[Result "0-1"]
[WhiteElo "1968"]
[BlackElo "2088"]
[PlyCount "78"]
[GameId "2160767910413133"]
[EventDate "2008.03.14"]
[EventType "tourn"]
[EventRounds "7"]
[EventCountry "CAN"]
[SourceTitle "EXT 2011"]
[Source "ChessBase"]
[SourceDate "2011.11.26"]
[SourceVersion "1"]
[SourceVersionDate "2011.11.26"]
[SourceQuality "1"]

1. e4 c5 2. Nf3 d6 3. d4 cxd4 4. Nxd4 Nf6 5. Nc3 a6 6. Be2 e6 7. Be3 Be7 8. a4 Nc6 9. Nb3 b6 10. O-O Bb7 11. f4 O-O 12. Bf3 Qc7 13. Qe1 Rfe8 14. Qf2 Nd7 15. Kh1 Bf6 16. Rad1 Rad8 17. g4 Nc5 18. Nxc5 bxc5 19. g5 Bd4 20. Nb1 Bxe3 21. Qxe3 Nd4 22. Na3 Nxf3 23. Qxf3 Qc6 24. b3 Qxe4 25. Qxe4 Bxe4+ 26. Kg1 d5 27. Rf2 f6 28. gxf6 gxf6 29. c3 Rb8 30. Rb2 Kf7 31. b4 Rg8+ 32. Kf1 Rg4 33. b5 Rxf4+ 34. Rf2 Rxf2+ 35. Kxf2 axb5 36. Nxb5 Bc2 37. Ra1 Ke7 38. Na7 Ra8 39. Rg1 Bg6 0-1

[Event "Toronto Spring 03"]
[Site "Toronto CAN"]
[Date "2008.04.18"]
[Round "5"]
[White "Hambleton, Aman"]
[Black "Benson, Christopher"]
[Result "1-0"]
[WhiteElo "1852"]
[BlackElo "1927"]
[PlyCount "135"]
[GameId "2160767910413134"]
[EventDate "2008.03.14"]
[EventType "tourn"]
[EventRounds "7"]
[EventCountry "CAN"]
[SourceTitle "EXT 2011"]
[Source "ChessBase"]
[SourceDate "2011.11.26"]
[SourceVersion "1"]
[SourceVersionDate "2011.11.26"]
[SourceQuality "1"]

1. d4 e6 2. c4 Nf6 3. Nf3 b6 4. g3 Ba6 5. Qc2 Bb7 6. Bg2 c5 7. O-O Be4 8. Qd1 cxd4 9. Nbd2 Bb7 10. Nb3 Qc8 11. Qxd4 Be7 12. Bf4 Nc6 13. Qd1 O-O 14. Bd6 Rd8 15. Rc1 Bxd6 16. Qxd6 Qb8 17. Qxb8 Raxb8 18. c5 Ba6 19. Rfe1 Nb4 20. a3 Nbd5 21. e4 Ne7 22. cxb6 axb6 23. e5 Nfd5 24. Nbd2 d6 25. exd6 Rxd6 26. Ne4 Rdd8 27. Ne5 Bb5 28. Nc4 h6 29. Bf1 Nf5 30. f4 Nd4 31. Kf2 Ba4 32. Ne3 Ne7 33. Rc7 Kf8 34. Rec1 Nb5 35. R7c4 Bb3 36. Rb4 Nd4 37. Rc3 Ba2 38. Bc4 Bb1 39. Nd2 Bg6 40. Bd3 Bxd3 41. Rxd3 Ndc6 42. Rbb3 Rxd3 43. Rxd3 Rd8 44. Rxd8+ Nxd8 45. Ndc4 Nc8 46. Ke2 Ke8 47. Kd3 Nc6 48. Nc2 Kd7 49. Nd4 Nd8 50. a4 h5 51. b4 g6 52. a5 bxa5 53. bxa5 Kc7 54. Kc3 Kb7 55. Kb4 Ka6 56. Nb3 Ne7 57. Nc5+ Ka7 58. Nd6 Nd5+ 59. Kc4 h4 60. Nc8+ Ka8 61. Nb6+ Nxb6+ 62. axb6 hxg3 63. hxg3 Nc6 64. Kb5 Nd4+ 65. Ka6 Nc6 66. b7+ Kb8 67. Kb6 Ne5 68. Na6# 1-0

[Event "Toronto Spring 03"]
[Site "Toronto CAN"]
[Date "2008.04.25"]
[Round "6"]
[White "Benson, Christopher"]
[Black "Semyonov, Vladimir"]
[Result "1/2-1/2"]
[WhiteElo "1927"]
[BlackElo "2160"]
[PlyCount "97"]
[GameId "2160767910413135"]
[EventDate "2008.03.14"]
[EventType "tourn"]
[EventRounds "7"]
[EventCountry "CAN"]
[SourceTitle "EXT 2011"]
[Source "ChessBase"]
[SourceDate "2011.11.26"]
[SourceVersion "1"]
[SourceVersionDate "2011.11.26"]
[SourceQuality "1"]

1. e4 c5 2. c3 Nf6 3. e5 Nd5 4. d4 cxd4 5. Nf3 Nc6 6. Bc4 Nb6 7. Bb3 d6 8. exd6 Qxd6 9. O-O Bf5 10. Nxd4 Nxd4 11. cxd4 e6 12. Nc3 Be7 13. Qf3 Qd7 14. Rd1 O-O 15. Bf4 Bf6 16. Ne4 Bxe4 17. Qxe4 Nd5 18. Be5 Rfd8 19. Qg4 Qe7 20. Rac1 Nb6 21. Qe4 Rd7 22. h3 Rad8 23. Qg4 g6 24. Qf3 Bg7 25. Kh1 Qg5 26. Bxg7 Kxg7 27. Qe3 Qf6 28. f3 Rxd4 29. Rxd4 Qxd4 30. Qxd4+ Rxd4 31. Rc7 Rd7 32. Rc2 Kf6 33. Kg1 a5 34. a3 a4 35. Ba2 h5 36. h4 Rd4 37. g3 Nd5 38. Kf2 b5 39. Ke2 b4 40. Bxd5 exd5 41. Rc6+ Ke7 42. Ra6 bxa3 43. bxa3 Rc4 44. Kd3 f6 45. f4 Re4 46. Ra5 Ke6 47. Ra6+ Kf5 48. Ra5 Ke6 49. Ra8 1/2-1/2

[Event "Toronto Spring 03"]
[Site "Toronto CAN"]
[Date "2008.04.25"]
[Round "6"]
[White "Hambleton, Aman"]
[Black "Fiedler, Brian"]
[Result "1/2-1/2"]
[WhiteElo "1852"]
[BlackElo "2187"]
[PlyCount "82"]
[GameId "2160767910413136"]
[EventDate "2008.03.14"]
[EventType "tourn"]
[EventRounds "7"]
[EventCountry "CAN"]
[SourceTitle "EXT 2011"]
[Source "ChessBase"]
[SourceDate "2011.11.26"]
[SourceVersion "1"]
[SourceVersionDate "2011.11.26"]
[SourceQuality "1"]

1. d4 g6 2. c4 Bg7 3. Nc3 d6 4. e4 e5 5. Be3 Nc6 6. Nge2 exd4 7. Nxd4 Nge7 8. Be2 f5 9. exf5 Nxf5 10. Nxf5 Bxf5 11. Qd2 O-O 12. O-O Qd7 13. Rad1 b6 14. c5 bxc5 15. Bb5 Be6 16. Nd5 Rf7 17. Nf4 Rxf4 18. Bxf4 Rb8 19. Qe2 Nd4 20. Rxd4 Rxb5 21. Rd2 Rb4 22. Re1 Rxf4 23. Qxe6+ Qxe6 24. Rxe6 Kf7 25. Re3 Rb4 26. Rde2 Bf6 27. g3 Rxb2 28. Rxb2 Bxb2 29. Rb3 Bd4 30. Rb7 a5 31. Rxc7+ Ke6 32. Ra7 c4 33. Rc7 Kd5 34. Kf1 Bb6 35. Rc8 Kd4 36. Ke2 c3 37. f4 Bc5 38. g4 Ke4 39. f5 gxf5 40. gxf5 Kxf5 41. Kd3 Bb4 1/2-1/2

[Event "Toronto Spring 03"]
[Site "Toronto CAN"]
[Date "2008.04.25"]
[Round "6"]
[White "Martchenko, Alexander"]
[Black "Gusev, Nikita"]
[Result "1/2-1/2"]
[WhiteElo "2080"]
[BlackElo "1968"]
[PlyCount "112"]
[GameId "2160767910413137"]
[EventDate "2008.03.14"]
[EventType "tourn"]
[EventRounds "7"]
[EventCountry "CAN"]
[SourceTitle "EXT 2011"]
[Source "ChessBase"]
[SourceDate "2011.11.26"]
[SourceVersion "1"]
[SourceVersionDate "2011.11.26"]
[SourceQuality "1"]

1. e4 c5 2. Nf3 Nc6 3. d4 cxd4 4. Nxd4 Nf6 5. Nc3 d6 6. Bg5 e6 7. Qd2 Be7 8. O-O-O Nxd4 9. Qxd4 O-O 10. h4 Qa5 11. f3 Rd8 12. Kb1 Bd7 13. g4 Bc6 14. Qd2 b5 15. Nxb5 Qb6 16. Be3 Qb7 17. Nd4 d5 18. e5 Nd7 19. f4 Nc5 20. Bd3 Ne4 21. Bxe4 dxe4 22. Qf2 Bd5 23. f5 Rab8 24. b3 Ba3 25. Rh3 Qc7 26. Qh2 a5 27. f6 a4 28. Bc1 axb3 29. cxb3 Bxb3 30. axb3 Rxd4 31. Rxd4 Qxc1+ 32. Ka2 Bb4 33. Rxb4 Rxb4 34. Qb2 Qxb2+ 35. Kxb2 e3 36. Rxe3 gxf6 37. Ka3 Rxg4 38. b4 fxe5 39. b5 Kg7 40. Rxe5 Kf6 41. Rh5 Rg8 42. Kb4 Rg4+ 43. Kc5 Ke7 44. b6 Kd7 45. Rxh7 Rf4 46. Kb5 Rf1 47. h5 Rb1+ 48. Kc5 Rc1+ 49. Kd4 Rf1 50. Rh8 Kc6 51. h6 Kb7 52. h7 Rh1 53. Ke5 Rh6 54. Kd6 f5 55. Ke7 f4 56. Kf7 Rh1 1/2-1/2

[Event "Toronto Spring 03"]
[Site "Toronto CAN"]
[Date "2008.04.25"]
[Round "6"]
[White "Zhou, Haonan"]
[Black "Haziprodromu, Sam"]
[Result "1/2-1/2"]
[WhiteElo "2088"]
[BlackElo "1962"]
[PlyCount "140"]
[GameId "2160767910413138"]
[EventDate "2008.03.14"]
[EventType "tourn"]
[EventRounds "7"]
[EventCountry "CAN"]
[SourceTitle "EXT 2011"]
[Source "ChessBase"]
[SourceDate "2011.11.26"]
[SourceVersion "1"]
[SourceVersionDate "2011.11.26"]
[SourceQuality "1"]

1. d4 Nf6 2. c4 c5 3. d5 b5 4. cxb5 a6 5. bxa6 g6 6. Nc3 Bg7 7. Nf3 O-O 8. e4 d6 9. Bd3 Nbd7 10. h3 Qa5 11. O-O Bxa6 12. Re1 Rfb8 13. Re2 Ne8 14. Bxa6 Qxa6 15. a4 Nc7 16. Rc2 Rb4 17. Bd2 Nb6 18. Ra3 Bxc3 19. Bxc3 Rxe4 20. Ng5 Rf4 21. g3 Rf5 22. h4 Nbxd5 23. Bd2 Ne6 24. Nf3 h5 25. Be1 Qb7 26. Rd3 Nb4 27. Bxb4 Qxb4 28. b3 Rb8 29. Rc4 Qb7 30. a5 Qa6 31. Qd2 Qc6 32. Qe2 d5 33. Rc1 Qb5 34. Qd2 c4 35. bxc4 dxc4 36. Nd4 Nxd4 37. Rxd4 Qxa5 38. Qxa5 Rxa5 39. Rdxc4 Ra2 40. R4c2 Rbb2 41. Rxb2 Rxb2 42. Kg2 Kg7 43. Rc7 Kf6 44. Kf3 e5 45. Rc4 Kf5 46. Ra4 f6 47. Rc4 Rd2 48. Ra4 Rd4 49. Ra2 e4+ 50. Kg2 Rd5 51. Re2 Ke5 52. Re3 Rd6 53. Ra3 Re6 54. Ra4 Kf5 55. Ra5+ Re5 56. Ra6 Rc5 57. Ra1 Re5 58. Ra2 e3 59. fxe3 Rxe3 60. Ra4 Re4 61. Ra2 Kg4 62. Rb2 f5 63. Rb6 Re2+ 64. Kf1 Kf3 65. Rxg6 Rf2+ 66. Ke1 Rg2 67. Rg5 Rg1+ 68. Kd2 Ke4 69. Ke2 Rg2+ 70. Kf1 Rb2 1/2-1/2

[Event "Toronto Spring 03"]
[Site "Toronto CAN"]
[Date "2008.04.02"]
[Round "7"]
[White "Gusev, Nikita"]
[Black "Hambleton, Aman"]
[Result "1/2-1/2"]
[WhiteElo "1968"]
[BlackElo "1852"]
[PlyCount "113"]
[GameId "2160767910413139"]
[EventDate "2008.03.14"]
[EventType "tourn"]
[EventRounds "7"]
[EventCountry "CAN"]
[SourceTitle "EXT 2011"]
[Source "ChessBase"]
[SourceDate "2011.11.26"]
[SourceVersion "1"]
[SourceVersionDate "2011.11.26"]
[SourceQuality "1"]

1. e4 e6 2. d4 d5 3. Nc3 Bb4 4. e5 c5 5. Bd2 Nc6 6. Nb5 Bxd2+ 7. Qxd2 Nxd4 8. Nxd4 cxd4 9. f4 Ne7 10. Nf3 O-O 11. O-O-O f6 12. Nxd4 fxe5 13. fxe5 Nc6 14. Nf3 Qe7 15. a3 Bd7 16. Bd3 Be8 17. h4 Bh5 18. Ng5 h6 19. Rde1 hxg5 20. hxg5 g6 21. g4 Bxg4 22. Bxg6 Bf5 23. Rh7 Bxg6 24. Rxe7 Nxe7 25. Qb4 Rfe8 26. Qxb7 Rac8 27. Re2 d4 28. Rd2 Nd5 29. Kb1 Ne3 30. Ka2 Nxc2 31. Qxa7 Nb4+ 32. Kb3 Nc6 33. Qd7 Be4 34. Ka2 Rcd8 35. Qc7 Re7 36. Qb6 Rb8 37. Qc5 Reb7 38. Ka1 Bd5 39. g6 Rb3 40. Qd6 Rf8 41. Rd1 Rfb8 42. Rd2 R3b6 43. Re2 d3 44. Rh2 d2 45. Rxd2 Na5 46. Rxd5 Nb3+ 47. Ka2 Rxd6 48. Rxd6 Kg7 49. Rxe6 Nd4 50. Rd6 Nf3 51. e6 Ne5 52. b4 Re8 53. Kb3 Kxg6 54. b5 Kf6 55. a4 Rxe6 56. Rd1 Ke7 57. Kb4 1/2-1/2

[Event "Toronto Spring 03"]
[Site "Toronto CAN"]
[Date "2008.04.02"]
[Round "7"]
[White "Semyonov, Vladimir"]
[Black "Zhou, Haonan"]
[Result "0-1"]
[WhiteElo "2160"]
[BlackElo "2088"]
[PlyCount "48"]
[GameId "2160767910413140"]
[EventDate "2008.03.14"]
[EventType "tourn"]
[EventRounds "7"]
[EventCountry "CAN"]
[SourceTitle "EXT 2011"]
[Source "ChessBase"]
[SourceDate "2011.11.26"]
[SourceVersion "1"]
[SourceVersionDate "2011.11.26"]
[SourceQuality "1"]

1. Nf3 d5 2. c4 c6 3. e3 Nf6 4. Qc2 e6 5. b3 Nbd7 6. Bb2 Bd6 7. g4 h6 8. Rg1 Qc7 9. h4 Ne5 10. Nxe5 Bxe5 11. d4 Bh2 12. Rg2 Bd6 13. Nc3 b6 14. O-O-O Bb7 15. g5 hxg5 16. hxg5 Nd7 17. cxd5 cxd5 18. Kb1 a6 19. Rc1 Nb8 20. f4 Nc6 21. g6 f5 22. Nxd5 exd5 23. Qxf5 Qd7 24. Qxd5 Ne5 0-1

[Event "Toronto Spring-A 04"]
[Site "Toronto CAN"]
[Date "2008.04.04"]
[Round "1"]
[White "Noritsyn, Nikolay"]
[Black "Thavandiran, Shiyam"]
[Result "1-0"]
[WhiteElo "2364"]
[BlackElo "2296"]
[PlyCount "93"]
[GameId "2160767910351227"]
[EventDate "2008.04.04"]
[EventType "tourn"]
[EventRounds "5"]
[EventCountry "CAN"]
[EventCategory "3"]
[SourceTitle "EXT 2011"]
[Source "ChessBase"]
[SourceDate "2011.11.26"]
[SourceVersion "1"]
[SourceVersionDate "2011.11.26"]
[SourceQuality "1"]

1. Nf3 d5 2. c4 d4 3. g3 c5 4. Bg2 Nc6 5. d3 e5 6. O-O Bd6 7. e3 Nge7 8. Nbd2 O-O 9. Ne4 f6 10. a3 a5 11. Rb1 Be6 12. Re1 b6 13. exd4 cxd4 14. Nxd6 Qxd6 15. Nd2 Rfb8 16. Ne4 Qd8 17. b3 b5 18. Bd2 bxc4 19. bxc4 Rxb1 20. Qxb1 Rb8 21. Qd1 Rb2 22. Bc1 Rb6 23. h3 h6 24. Kh2 Bf7 25. Qf3 f5 26. Nd2 Qe8 27. Qd1 Qd7 28. Qa4 Qc7 29. c5 Rb8 30. Nc4 Bd5 31. Bxd5+ Nxd5 32. Nd6 Nce7 33. Qc4 Kh7 34. Nxf5 Ne3 35. Nxe3 dxe3 36. Bxe3 Nc6 37. Qc2 Kh8 38. h4 Qf7 39. Qa4 Qf6 40. Qe4 Rb2 41. Kg2 Kg8 42. Rc1 Kf8 43. Qd5 Ke7 44. Rc4 Qe6 45. Qf3 Rb3 46. Rg4 Qf6 47. Qe4 1-0